000 01001nas a2200313 4500
001 BR2012008711
003 BR-BrBNA
005 20231205121446.0
007 ta
008 230509b bl.|||p| |||| 00| 00por d
040 _aBR-BrBNA
_bpor
_cBiblioteca Nacional de Agricultura
041 _a(Pt)
072 _aL73; L70
100 1 _aDezengrini, R.
100 1 _aSilva, S.C. da
100 1 _aWeiss, M.
100 1 _aKreutz, L.C.
100 1 _aWeiblen, R.
100 1 _aFlores, E.F.
245 1 _aAtividade de três drogas antivirais sobre os herpesvírus bovino tipos 1, 2 e 5 em cultivo celular
246 1 _aActivity of three antiviral drugs against bovine herpesvírus 1,2 and 5 cell culture
650 _aBOVINO
650 _aHERPESVÍRUS
650 _aVÍRUS
650 _aMEDICAMENTO
773 0 _tPesquisa Veterinária Brasileira (Brazil)
_xISSN 0100-736X
_g(Oct 2010), v. 30(10) p. 855-860
_wBR2012008711
909 _a202311
_bLúcia
_c55
_dLúcia Elande
942 _2AGRIS
_n0
_cANA
999 _c223675
_d223675